| 000 | 01473nam a22004097a 4500 | ||
|---|---|---|---|
| 003 | OSt | ||
| 005 | 20140310181928.0 | ||
| 008 | 130720t xxu||||| |||| 00| 0 eng d | ||
| 020 | _a9780760936474 | ||
| 050 |
_aQA 11.2 _b.St898 2006 |
||
| 082 |
_aTR 510 _bSt8 2006 |
||
| 110 |
_aCurriculum Associates, Inc. _91534 |
||
| 245 | _aStrategies to achieve mathematics success / | ||
| 260 |
_aNorth Billerica, MA : _bCurriculum Associates, Inc., _cc2006. |
||
| 300 |
_a99 p. : _c28 cm. _bill. : (some col.) ; |
||
| 521 | _aFaculty | ||
| 541 | _j1 | ||
| 541 | _j1 | ||
| 541 | _j1 | ||
| 541 | _j1 | ||
| 541 | _j1 | ||
| 541 | _j1 | ||
| 541 | _j1 | ||
| 541 | _j1 | ||
| 610 |
_aCurriculum Associates, Inc. _91534 |
||
| 650 |
_a Mathematics. _9210 |
||
| 710 |
_aCurriculum Associates, Inc. _91534 |
||
| 830 |
_aStrategies to achieve mathematics success: Series A _92451 |
||
| 830 |
_aStrategies to achieve mathematics success: Series B _92452 |
||
| 830 |
_aStrategies to achieve mathematics success: Series C _92453 |
||
| 830 |
_aStrategies to achieve mathematics success: Series D _92454 |
||
| 830 |
_aStrategies to achieve mathematics success: Series E _92455 |
||
| 830 |
_aStrategies to achieve mathematics success: Series F _92456 |
||
| 830 |
_aStrategies to achieve mathematics success: Series G _92457 |
||
| 830 |
_aStrategies to achieve mathematics success: Series H _92458 |
||
| 942 |
_2lcc _cBK-TR _kTE |
||
| 999 |
_c7232 _d7232 |
||